UM Logo

Level of performance of the UMDC BTTE-FSM from A.Y 2014-2016 / (Record no. 13927)

MARC details
000 -LEADER
fixed length control field 00625nam a22001577a 4500
008 - FIXED-LENGTH DATA ELEMENTS--GENERAL INFORMATION
fixed length control field 190523b ||||| |||| 00| 0 eng d
082 ## - DEWEY DECIMAL CLASSIFICATION NUMBER
Edition number 2019
Classification number UT 1310
Item number D36
100 ## - MAIN ENTRY--PERSONAL NAME
Personal name De Los Reyes, Rhona Mae A.
9 (RLIN) 38782
245 ## - TITLE STATEMENT
Title Level of performance of the UMDC BTTE-FSM from A.Y 2014-2016 /
Statement of responsibility, etc. Rhona Mae A. De Los Reyes, Ardian Kyle C. Cortejos, and Roderick A. Migue Jr.
260 ## - PUBLICATION, DISTRIBUTION, ETC. (IMPRINT)
Place of publication, distribution, etc. Digos City:
Name of publisher, distributor, etc. UMDC
Date of publication, distribution, etc. March 2019.
300 ## - PHYSICAL DESCRIPTION
Extent 32 pages;
Dimensions 30 cm.
650 ## - SUBJECT ADDED ENTRY--TOPICAL TERM
Topical term or geographic name as entry element Technical Teachers Education
General subdivision Undergraduate thesis.
9 (RLIN) 38783
700 ## - ADDED ENTRY--PERSONAL NAME
Personal name Cortejos, Ardian Kyle C.
9 (RLIN) 38784
700 ## - ADDED ENTRY--PERSONAL NAME
Personal name Migue, Roderick A. Jr.
9 (RLIN) 38785
942 ## - ADDED ENTRY ELEMENTS (KOHA)
Source of classification or shelving scheme Dewey Decimal Classification
Koha item type Undergraduate Thesis
Holdings
Withdrawn status Lost status Source of classification or shelving scheme Damaged status Not for loan Home library Current library Date acquired Total Checkouts Full call number Barcode Date last seen Copy number Price effective from Koha item type
    Dewey Decimal Classification     UM Digos College - LIC UM Digos College - LIC 04/23/2019   UT 1310 D36 2019 UT1310 05/23/2019 1 05/23/2019 Undergraduate Thesis